<?xml version="1.0" encoding="UTF-8"?>
<record
    xmlns:xsi="http://www.w3.org/2001/XMLSchema-instance"
    xsi:schemaLocation="http://www.loc.gov/MARC21/slim http://www.loc.gov/standards/marcxml/schema/MARC21slim.xsd"
    xmlns="http://www.loc.gov/MARC21/slim">

  <leader>00990nas a2200277 454500</leader>
  <controlfield tag="001">28746</controlfield>
  <controlfield tag="005">20260407193507.0</controlfield>
  <controlfield tag="008">260407s1994####ag###########|||spa#d</controlfield>
  <controlfield tag="003">AR-UNSa-BCEJYS</controlfield>
  <datafield tag="040" ind1=" " ind2=" ">
    <subfield code="a">AR-UNSa-BCEJYS</subfield>
    <subfield code="b">spa</subfield>
    <subfield code="c">AR-UNSa-BCEJYS</subfield>
  </datafield>
  <datafield tag="080" ind1=" " ind2=" ">
    <subfield code="a">330(82)</subfield>
    <subfield code="x">Economia Argentina</subfield>
  </datafield>
  <datafield tag="245" ind1="1" ind2="0">
    <subfield code="a">Bolet&#xED;n de lecturas sociales y econ&#xF3;micas</subfield>
  </datafield>
  <datafield tag="264" ind1=" " ind2="1">
    <subfield code="a">Buenos Aires :</subfield>
    <subfield code="b">Ediciones de la Universidad Cat&#xF3;lica Argentina</subfield>
    <subfield code="c">1994</subfield>
  </datafield>
  <datafield tag="310" ind1=" " ind2=" ">
    <subfield code="a">Frecuencia: Mensual</subfield>
  </datafield>
  <datafield tag="041" ind1=" " ind2=" ">
    <subfield code="a">spa</subfield>
  </datafield>
  <datafield tag="942" ind1=" " ind2=" ">
    <subfield code="c">SER</subfield>
  </datafield>
  <datafield tag="590" ind1=" " ind2=" ">
    <subfield code="a">niveau_biblio:s niveau_hierar:1</subfield>
  </datafield>
  <datafield tag="100" ind1="1" ind2=" ">
    <subfield code="a">Pontificia Universidad Cat&#xF3;lica Argentina. Facultad de Ciencias Sociales y Econ&#xF3;micas</subfield>
  </datafield>
  <datafield tag="650" ind1=" " ind2=" ">
    <subfield code="a">Administraci&#xF3;n</subfield>
  </datafield>
  <datafield tag="650" ind1=" " ind2=" ">
    <subfield code="a">Sociolog&#xED;a</subfield>
  </datafield>
  <datafield tag="650" ind1=" " ind2=" ">
    <subfield code="a">Pol&#xED;tica social</subfield>
  </datafield>
  <datafield tag="650" ind1=" " ind2=" ">
    <subfield code="a">Educaci&#xF3;n</subfield>
  </datafield>
  <datafield tag="650" ind1=" " ind2=" ">
    <subfield code="a">ECONOMIA ARGENTINA</subfield>
  </datafield>
  <datafield tag="650" ind1=" " ind2=" ">
    <subfield code="a">ECONOMIA INTERNACIONAL</subfield>
  </datafield>
  <datafield tag="856" ind1="4" ind2="1">
    <subfield code="u">https://biblioeco.unsa.edu.ar/pmb/images/revistas/Boletin de Lecturas Sociales y Economicas-r13833.jpg</subfield>
    <subfield code="y">Imagen de portada</subfield>
    <subfield code="q">image/jpeg</subfield>
  </datafield>
  <datafield tag="999" ind1=" " ind2=" ">
    <subfield code="c">8654</subfield>
    <subfield code="d">8654</subfield>
  </datafield>
  <datafield tag="952" ind1=" " ind2=" ">
    <subfield code="0">0</subfield>
    <subfield code="1">0</subfield>
    <subfield code="4">0</subfield>
    <subfield code="7">0</subfield>
    <subfield code="a">BCEJYS</subfield>
    <subfield code="b">BCEJYS</subfield>
    <subfield code="c">13</subfield>
    <subfield code="d">2001-08-01</subfield>
    <subfield code="h">A&#xF1;o 8, N&#xBA; 36 - ago. 2001</subfield>
    <subfield code="l">0</subfield>
    <subfield code="o">H330(82) BOL 36</subfield>
    <subfield code="p">R20950</subfield>
    <subfield code="r">2026-04-10 16:08:45</subfield>
    <subfield code="w">2026-04-10</subfield>
    <subfield code="y">RN</subfield>
  </datafield>
  <datafield tag="952" ind1=" " ind2=" ">
    <subfield code="0">0</subfield>
    <subfield code="1">0</subfield>
    <subfield code="4">0</subfield>
    <subfield code="7">0</subfield>
    <subfield code="a">BCEJYS</subfield>
    <subfield code="b">BCEJYS</subfield>
    <subfield code="c">13</subfield>
    <subfield code="d">2001-04-01</subfield>
    <subfield code="h">A&#xF1;o 8, N&#xBA; 35 - abr. 2001</subfield>
    <subfield code="l">0</subfield>
    <subfield code="o">H330(82) BOL 35</subfield>
    <subfield code="p">R20949</subfield>
    <subfield code="r">2026-04-10 16:08:45</subfield>
    <subfield code="w">2026-04-10</subfield>
    <subfield code="y">RN</subfield>
  </datafield>
  <datafield tag="952" ind1=" " ind2=" ">
    <subfield code="0">0</subfield>
    <subfield code="1">0</subfield>
    <subfield code="4">0</subfield>
    <subfield code="7">0</subfield>
    <subfield code="a">BCEJYS</subfield>
    <subfield code="b">BCEJYS</subfield>
    <subfield code="c">13</subfield>
    <subfield code="d">2000-11-01</subfield>
    <subfield code="h">A&#xF1;o 7, N&#xBA; 34 - nov. 2000</subfield>
    <subfield code="l">0</subfield>
    <subfield code="o">H330(82) BOL 34</subfield>
    <subfield code="p">R20948</subfield>
    <subfield code="r">2026-04-10 16:08:45</subfield>
    <subfield code="w">2026-04-10</subfield>
    <subfield code="y">RN</subfield>
  </datafield>
  <datafield tag="952" ind1=" " ind2=" ">
    <subfield code="0">0</subfield>
    <subfield code="1">0</subfield>
    <subfield code="4">0</subfield>
    <subfield code="7">0</subfield>
    <subfield code="a">BCEJYS</subfield>
    <subfield code="b">BCEJYS</subfield>
    <subfield code="c">17</subfield>
    <subfield code="d">2000-10-01</subfield>
    <subfield code="h">A&#xF1;o 7, N&#xBA; 33 - oct. 2000</subfield>
    <subfield code="l">0</subfield>
    <subfield code="o">H330(82) BOL 33</subfield>
    <subfield code="p">R13839</subfield>
    <subfield code="r">2026-04-10 16:08:45</subfield>
    <subfield code="w">2026-04-10</subfield>
    <subfield code="y">RN</subfield>
  </datafield>
  <datafield tag="952" ind1=" " ind2=" ">
    <subfield code="0">0</subfield>
    <subfield code="1">0</subfield>
    <subfield code="4">0</subfield>
    <subfield code="7">0</subfield>
    <subfield code="a">BCEJYS</subfield>
    <subfield code="b">BCEJYS</subfield>
    <subfield code="c">17</subfield>
    <subfield code="d">2000-09-01</subfield>
    <subfield code="h">A&#xF1;o 7, N&#xBA; 32 - sep. 2000</subfield>
    <subfield code="l">0</subfield>
    <subfield code="o">H330(82) BOL 32</subfield>
    <subfield code="p">R13838</subfield>
    <subfield code="r">2026-04-10 16:08:45</subfield>
    <subfield code="w">2026-04-10</subfield>
    <subfield code="y">RN</subfield>
  </datafield>
  <datafield tag="952" ind1=" " ind2=" ">
    <subfield code="0">0</subfield>
    <subfield code="1">0</subfield>
    <subfield code="4">0</subfield>
    <subfield code="7">0</subfield>
    <subfield code="a">BCEJYS</subfield>
    <subfield code="b">BCEJYS</subfield>
    <subfield code="c">17</subfield>
    <subfield code="d">2000-07-01</subfield>
    <subfield code="h">A&#xF1;o 7, N&#xBA; 31 - jul. 2000</subfield>
    <subfield code="l">0</subfield>
    <subfield code="o">H330(82) BOL 31</subfield>
    <subfield code="p">R13837</subfield>
    <subfield code="r">2026-04-10 16:08:45</subfield>
    <subfield code="w">2026-04-10</subfield>
    <subfield code="y">RN</subfield>
  </datafield>
  <datafield tag="952" ind1=" " ind2=" ">
    <subfield code="0">0</subfield>
    <subfield code="1">0</subfield>
    <subfield code="4">0</subfield>
    <subfield code="7">0</subfield>
    <subfield code="a">BCEJYS</subfield>
    <subfield code="b">BCEJYS</subfield>
    <subfield code="c">13</subfield>
    <subfield code="d">1999-11-01</subfield>
    <subfield code="h">A&#xF1;o 6, N&#xBA; 29 - nov. 1999</subfield>
    <subfield code="l">0</subfield>
    <subfield code="o">H330(82) BOL 29</subfield>
    <subfield code="p">R20947</subfield>
    <subfield code="r">2026-04-10 16:08:45</subfield>
    <subfield code="w">2026-04-10</subfield>
    <subfield code="y">RN</subfield>
  </datafield>
  <datafield tag="952" ind1=" " ind2=" ">
    <subfield code="0">0</subfield>
    <subfield code="1">0</subfield>
    <subfield code="4">0</subfield>
    <subfield code="7">0</subfield>
    <subfield code="a">BCEJYS</subfield>
    <subfield code="b">BCEJYS</subfield>
    <subfield code="c">13</subfield>
    <subfield code="d">1999-10-01</subfield>
    <subfield code="h">A&#xF1;o 6, N&#xBA; 28 - oct. 1999</subfield>
    <subfield code="l">0</subfield>
    <subfield code="o">H330(82) BOL 28</subfield>
    <subfield code="p">R20946</subfield>
    <subfield code="r">2026-04-10 16:08:45</subfield>
    <subfield code="w">2026-04-10</subfield>
    <subfield code="y">RN</subfield>
  </datafield>
  <datafield tag="952" ind1=" " ind2=" ">
    <subfield code="0">0</subfield>
    <subfield code="1">0</subfield>
    <subfield code="4">0</subfield>
    <subfield code="7">0</subfield>
    <subfield code="a">BCEJYS</subfield>
    <subfield code="b">BCEJYS</subfield>
    <subfield code="c">13</subfield>
    <subfield code="d">1999-09-01</subfield>
    <subfield code="h">A&#xF1;o 6, N&#xBA; 27 - sep. 1999</subfield>
    <subfield code="l">0</subfield>
    <subfield code="o">H330(82) BOL 27</subfield>
    <subfield code="p">R20945</subfield>
    <subfield code="r">2026-04-10 16:08:45</subfield>
    <subfield code="w">2026-04-10</subfield>
    <subfield code="y">RN</subfield>
  </datafield>
  <datafield tag="952" ind1=" " ind2=" ">
    <subfield code="0">0</subfield>
    <subfield code="1">0</subfield>
    <subfield code="4">0</subfield>
    <subfield code="7">0</subfield>
    <subfield code="a">BCEJYS</subfield>
    <subfield code="b">BCEJYS</subfield>
    <subfield code="c">13</subfield>
    <subfield code="d">1999-06-01</subfield>
    <subfield code="h">A&#xF1;o 6, N&#xBA; 26 - jun. 1999</subfield>
    <subfield code="l">0</subfield>
    <subfield code="o">H330(82) BOL 26</subfield>
    <subfield code="p">R20944</subfield>
    <subfield code="r">2026-04-10 16:08:45</subfield>
    <subfield code="w">2026-04-10</subfield>
    <subfield code="y">RN</subfield>
  </datafield>
  <datafield tag="952" ind1=" " ind2=" ">
    <subfield code="0">0</subfield>
    <subfield code="1">0</subfield>
    <subfield code="4">0</subfield>
    <subfield code="7">0</subfield>
    <subfield code="a">BCEJYS</subfield>
    <subfield code="b">BCEJYS</subfield>
    <subfield code="c">13</subfield>
    <subfield code="d">1999-03-01</subfield>
    <subfield code="h">A&#xF1;o 6, N&#xBA; 25 - mar. 1999</subfield>
    <subfield code="l">0</subfield>
    <subfield code="o">H330(82) BOL 25</subfield>
    <subfield code="p">R20943</subfield>
    <subfield code="r">2026-04-10 16:08:45</subfield>
    <subfield code="w">2026-04-10</subfield>
    <subfield code="y">RN</subfield>
  </datafield>
  <datafield tag="952" ind1=" " ind2=" ">
    <subfield code="0">0</subfield>
    <subfield code="1">0</subfield>
    <subfield code="4">0</subfield>
    <subfield code="7">0</subfield>
    <subfield code="a">BCEJYS</subfield>
    <subfield code="b">BCEJYS</subfield>
    <subfield code="c">13</subfield>
    <subfield code="d">1998-09-01</subfield>
    <subfield code="h">A&#xF1;o 5, N&#xBA; 23 - sep. 1998</subfield>
    <subfield code="l">0</subfield>
    <subfield code="o">H330(82) BOL 23</subfield>
    <subfield code="p">R20942</subfield>
    <subfield code="r">2026-04-10 16:08:45</subfield>
    <subfield code="w">2026-04-10</subfield>
    <subfield code="y">RN</subfield>
  </datafield>
  <datafield tag="952" ind1=" " ind2=" ">
    <subfield code="0">0</subfield>
    <subfield code="1">0</subfield>
    <subfield code="4">0</subfield>
    <subfield code="7">0</subfield>
    <subfield code="a">BCEJYS</subfield>
    <subfield code="b">BCEJYS</subfield>
    <subfield code="c">13</subfield>
    <subfield code="d">1998-07-01</subfield>
    <subfield code="h">A&#xF1;o 5, N&#xBA; 22 - jul. 1998</subfield>
    <subfield code="l">0</subfield>
    <subfield code="o">H330(82) BOL 22</subfield>
    <subfield code="p">R20941</subfield>
    <subfield code="r">2026-04-10 16:08:45</subfield>
    <subfield code="w">2026-04-10</subfield>
    <subfield code="y">RN</subfield>
  </datafield>
  <datafield tag="952" ind1=" " ind2=" ">
    <subfield code="0">0</subfield>
    <subfield code="1">0</subfield>
    <subfield code="4">0</subfield>
    <subfield code="7">0</subfield>
    <subfield code="a">BCEJYS</subfield>
    <subfield code="b">BCEJYS</subfield>
    <subfield code="c">13</subfield>
    <subfield code="d">1997-12-01</subfield>
    <subfield code="h">A&#xF1;o 4, N&#xBA; 20 - dic. 1997</subfield>
    <subfield code="l">0</subfield>
    <subfield code="o">H330(82) BOL 20</subfield>
    <subfield code="p">R20940</subfield>
    <subfield code="r">2026-04-10 16:08:45</subfield>
    <subfield code="w">2026-04-10</subfield>
    <subfield code="y">RN</subfield>
  </datafield>
  <datafield tag="952" ind1=" " ind2=" ">
    <subfield code="0">0</subfield>
    <subfield code="1">0</subfield>
    <subfield code="4">0</subfield>
    <subfield code="7">0</subfield>
    <subfield code="a">BCEJYS</subfield>
    <subfield code="b">BCEJYS</subfield>
    <subfield code="c">17</subfield>
    <subfield code="d">1997-09-01</subfield>
    <subfield code="h">A&#xF1;o 4, N&#xBA; 19 - sep. 1997</subfield>
    <subfield code="l">0</subfield>
    <subfield code="o">H330(82) BOL 19</subfield>
    <subfield code="p">R13833</subfield>
    <subfield code="r">2026-04-10 16:08:45</subfield>
    <subfield code="w">2026-04-10</subfield>
    <subfield code="y">RN</subfield>
  </datafield>
  <datafield tag="952" ind1=" " ind2=" ">
    <subfield code="0">0</subfield>
    <subfield code="1">0</subfield>
    <subfield code="4">0</subfield>
    <subfield code="7">0</subfield>
    <subfield code="a">BCEJYS</subfield>
    <subfield code="b">BCEJYS</subfield>
    <subfield code="c">13</subfield>
    <subfield code="d">1997-06-01</subfield>
    <subfield code="h">A&#xF1;o 4, N&#xBA; 18 - jun. 1997</subfield>
    <subfield code="l">0</subfield>
    <subfield code="o">H330(82) BOL 18</subfield>
    <subfield code="p">R20939</subfield>
    <subfield code="r">2026-04-10 16:08:45</subfield>
    <subfield code="w">2026-04-10</subfield>
    <subfield code="y">RN</subfield>
  </datafield>
  <datafield tag="952" ind1=" " ind2=" ">
    <subfield code="0">0</subfield>
    <subfield code="1">0</subfield>
    <subfield code="4">0</subfield>
    <subfield code="7">0</subfield>
    <subfield code="a">BCEJYS</subfield>
    <subfield code="b">BCEJYS</subfield>
    <subfield code="c">13</subfield>
    <subfield code="d">1997-04-01</subfield>
    <subfield code="h">A&#xF1;o 4, N&#xBA; 17 - abr. 1997</subfield>
    <subfield code="l">0</subfield>
    <subfield code="o">H330(82) BOL 17</subfield>
    <subfield code="p">R20938</subfield>
    <subfield code="r">2026-04-10 16:08:45</subfield>
    <subfield code="w">2026-04-10</subfield>
    <subfield code="y">RN</subfield>
  </datafield>
  <datafield tag="952" ind1=" " ind2=" ">
    <subfield code="0">0</subfield>
    <subfield code="1">0</subfield>
    <subfield code="4">0</subfield>
    <subfield code="7">0</subfield>
    <subfield code="a">BCEJYS</subfield>
    <subfield code="b">BCEJYS</subfield>
    <subfield code="c">13</subfield>
    <subfield code="d">1996-12-01</subfield>
    <subfield code="h">A&#xF1;o 3, N&#xBA; 16 - dic. 1996</subfield>
    <subfield code="l">0</subfield>
    <subfield code="o">H330(82) BOL 16</subfield>
    <subfield code="p">R20937</subfield>
    <subfield code="r">2026-04-10 16:08:45</subfield>
    <subfield code="w">2026-04-10</subfield>
    <subfield code="y">RN</subfield>
  </datafield>
  <datafield tag="952" ind1=" " ind2=" ">
    <subfield code="0">0</subfield>
    <subfield code="1">0</subfield>
    <subfield code="4">0</subfield>
    <subfield code="7">0</subfield>
    <subfield code="a">BCEJYS</subfield>
    <subfield code="b">BCEJYS</subfield>
    <subfield code="c">13</subfield>
    <subfield code="d">1996-11-08</subfield>
    <subfield code="h">A&#xF1;o 3, N&#xBA; 15 - nov. 1996</subfield>
    <subfield code="l">0</subfield>
    <subfield code="o">H330(82) BOL 15</subfield>
    <subfield code="p">R20936</subfield>
    <subfield code="r">2026-04-10 16:08:45</subfield>
    <subfield code="w">2026-04-10</subfield>
    <subfield code="y">RN</subfield>
  </datafield>
  <datafield tag="952" ind1=" " ind2=" ">
    <subfield code="0">0</subfield>
    <subfield code="1">0</subfield>
    <subfield code="4">0</subfield>
    <subfield code="7">0</subfield>
    <subfield code="a">BCEJYS</subfield>
    <subfield code="b">BCEJYS</subfield>
    <subfield code="c">13</subfield>
    <subfield code="d">1996-09-16</subfield>
    <subfield code="h">A&#xF1;o 3, N&#xBA; 14 - sep. 1996</subfield>
    <subfield code="l">0</subfield>
    <subfield code="o">H330(82) BOL 14</subfield>
    <subfield code="p">R20935</subfield>
    <subfield code="r">2026-04-10 16:08:45</subfield>
    <subfield code="w">2026-04-10</subfield>
    <subfield code="y">RN</subfield>
  </datafield>
</record>
